MARC

LEADER 00000nam0a2200000 4500
001 72727
005 20231031083814.0
035 |a (RuTPU)RU\TPU\book\77555 
090 |a 72727 
100 |a 20050129d1973 k y0rusy50 ca 
101 0 |a rus 
102 |a RU 
105 |a a z 001zy 
200 1 |a Контактово-метасоматические месторождения железа и меди на Урале (Закономерности их размещения и локализации)  |f Я. П. Баклаев  |g Академия Наук СССР, Уральский научный центр. Институт геологии и геохимии им. акад. А. Н. Заварицкого, Отв. ред. А. К. Гладковский 
210 |a Москва  |c Наука  |d 1973 
215 |a 231 с.  |c ил.  |e черт. и карт., 2 л. схем 
320 |a Библиогр.: с. 218-229. 
516 1 |a Месторождения железа и меди на Урале 
610 1 |a железорудные месторождения 
610 1 |a медные месторождения 
610 1 |a геология 
610 1 |a Урал 
610 1 |a поисково-разведочные работы 
610 1 |a медь 
610 1 |a железо 
675 |a 553.31  |v 3 
675 |a 553.43  |v 3 
700 1 |a Баклаев  |b Я. П.  |g Яков Петрович 
702 1 |a Гладковский  |b А. К.  |4 340 
712 0 2 |a Академия наук СССР (АН СССР)  |b Уральский научный центр (УНЦ)  |b Институт геологии и геохимии им. А. Н. Заварицкого (ИГГ)  |c (Свердловск)  |2 stltpush  |3 (RuTPU)RU\TPU\col\10909 
801 1 |a RU  |b 63413507  |c 20050129  |g PSBO 
801 2 |a RU  |b 63413507  |c 20141201  |g PSBO 
942 |c BK